Measure of a leader (Record no. 6743)

MARC details
000 -LEADER
fixed length control field 00920 a2200217 4500
005 - DATE AND TIME OF LATEST TRANSACTION
control field 20080908115517.0
008 - FIXED-LENGTH DATA ELEMENTS--GENERAL INFORMATION
fixed length control field 080908t xxu||||| |||| 00| 0 eng d
010 ## - LIBRARY OF CONGRESS CONTROL NUMBER
LC control number ENG-87607
020 ## - INTERNATIONAL STANDARD BOOK NUMBER
Terms of availability 450.00
International Standard Book Number 0070659745
035 ## - SYSTEM CONTROL NUMBER
System control number EN-71140
037 ## - SOURCE OF ACQUISITION
Source of stock number/acquisition D.B.Act / Pub
082 ## - DEWEY DECIMAL CLASSIFICATION NUMBER
Classification number 658.4092
100 ## - MAIN ENTRY--PERSONAL NAME
Personal name Daniels, Aubrey C.
245 ## - TITLE STATEMENT
Title Measure of a leader
Statement of responsibility, etc by Aurbrey C. Daniels and James E. Daniels
Remainder of title the legendary leadership formula for producing exceptional performers and outstanding results
260 ## - PUBLICATION, DISTRIBUTION, ETC. (IMPRINT)
Place of publication, distribution, etc New Delhi
Name of publisher, distributor, etc Tata McGraw-Hill Publishing
Date of publication, distribution, etc 2007
270 ## - ADDRESS
Address 7, West Patel Nagar
City New Delhi
Postal code 110008
300 ## - PHYSICAL DESCRIPTION
Extent x, 208 p.
Dimensions 22 cm. (Hb).
500 ## - GENERAL NOTE
General note Includes index
942 ## - ADDED ENTRY ELEMENTS (KOHA)
Institution code [OBSOLETE] dpl
Koha item type English Books
Call number prefix 658.4092 / DAN
Source of classification or shelving scheme Dewey Decimal Classification
Classification part 658.4092
Call number suffix DAN
Holdings
Withdrawn status Lost status Damaged status Not for loan Collection code Home library Current library Date acquired Cost, normal purchase price Total Checkouts Full call number Barcode Date last seen Copy number Uniform Resource Identifier Cost, replacement price Price effective from Koha item type
      Not For Loan Non-fiction D.B.Act.Division D.B.Act.Division 08/09/2008 450.00   658.4092 DAN EN-71140 15/09/2008 1 7245 450.00 15/09/2008 English Books

© Delhi Public Library
Hit Counter
free hit counter